<?xml version='1.0' encoding='UTF-8'?>
  <record xmlns="http://www.loc.gov/MARC21/slim">
    <leader>00000ctm a2200000Mi 4500</leader>
    <controlfield tag="001">ocn965406255</controlfield>
    <controlfield tag="003">OCoLC</controlfield>
    <controlfield tag="005">20240202180208.2</controlfield>
    <controlfield tag="008">121129q1560    xx            000 0 dum d</controlfield>
    <datafield tag="040" ind1=" " ind2=" ">
      <subfield code="a">QGJ</subfield>
      <subfield code="b">dut</subfield>
      <subfield code="c">QGJ</subfield>
      <subfield code="d">OCLCL</subfield>
    </datafield>
    <datafield tag="035" ind1=" " ind2=" ">
      <subfield code="a">(OCoLC)965406255</subfield>
    </datafield>
    <datafield tag="100" ind1="0" ind2=" ">
      <subfield code="a">Johannes Coninck.</subfield>
    </datafield>
    <datafield tag="245" ind1="1" ind2="0">
      <subfield code="a">Recepten ;</subfield>
      <subfield code="b">Uroscopie ; Medische recepten ; Obstetrie ... [etc.].</subfield>
      <subfield code="f">UBU Hs. Hattem C 3.</subfield>
    </datafield>
    <datafield tag="246" ind1="1" ind2=" ">
      <subfield code="a">Cirurgia of Hantgewerck int lichame der menschen</subfield>
    </datafield>
    <datafield tag="260" ind1=" " ind2=" ">
      <subfield code="c">[ca. 1560]</subfield>
    </datafield>
    <datafield tag="300" ind1=" " ind2=" ">
      <subfield code="a">132 fol. (gepagineerd 1-264) ;</subfield>
      <subfield code="c">211 x 154 (185 x 120) mm.</subfield>
    </datafield>
    <datafield tag="336" ind1=" " ind2=" ">
      <subfield code="a">text</subfield>
      <subfield code="b">txt</subfield>
      <subfield code="2">rdacontent</subfield>
    </datafield>
    <datafield tag="337" ind1=" " ind2=" ">
      <subfield code="a">unmediated</subfield>
      <subfield code="b">n</subfield>
      <subfield code="2">rdamedia</subfield>
    </datafield>
    <datafield tag="338" ind1=" " ind2=" ">
      <subfield code="a">volume</subfield>
      <subfield code="b">nc</subfield>
      <subfield code="2">rdacarrier</subfield>
    </datafield>
    <datafield tag="340" ind1=" " ind2=" ">
      <subfield code="a">papier</subfield>
      <subfield code="k">ca. 30 à 35 regels, littera cursiva.</subfield>
    </datafield>
    <datafield tag="500" ind1=" " ind2=" ">
      <subfield code="a">Artes teksten.</subfield>
    </datafield>
    <datafield tag="500" ind1=" " ind2=" ">
      <subfield code="a">Bevat o.a. recepten, medische recepten, traktaten over de pokken, uroscopie, obstetrie en chirurgie, wonderdranken.</subfield>
    </datafield>
    <datafield tag="500" ind1=" " ind2=" ">
      <subfield code="a">Op p. 93 wordt ene Johannes Coninck genoemd. Het is niet duidelijk of dit de auteur of slechts de copiïst is.</subfield>
    </datafield>
    <datafield tag="500" ind1=" " ind2=" ">
      <subfield code="a">Voor een volledige inhoudsopgave zie: Repertorium van de Middelnederlandse artes-literatuur / R. Jansen-Sieben. - P. 346-347; en: Johannes Conincks "Cirurgia" of "Hantgewerck int lichame der menschen" / ed. Willy L. Braekman . - (Scripta 14).</subfield>
    </datafield>
    <datafield tag="500" ind1=" " ind2=" ">
      <subfield code="a">Datering: begin 2de helft 16de eeuw.</subfield>
    </datafield>
    <datafield tag="500" ind1=" " ind2=" ">
      <subfield code="a">P. 97-99 en 125-185 bevatten recepten en traktaten over de pest uit de 17de eeuw.</subfield>
    </datafield>
    <datafield tag="500" ind1=" " ind2=" ">
      <subfield code="a">Blanco pagina's: 100-102, 123, 186-198.</subfield>
    </datafield>
    <datafield tag="500" ind1=" " ind2=" ">
      <subfield code="a">Tussen p. 124 en 125 zijn drie bladen uitgescheurd.</subfield>
    </datafield>
    <datafield tag="500" ind1=" " ind2=" ">
      <subfield code="a">In langdurige bruikleen van het Voerman Museum Hattem.</subfield>
    </datafield>
    <datafield tag="500" ind1=" " ind2=" ">
      <subfield code="a">Edities in druk: P. 35-41: Johannes Conincks instructies voor vroedvrouwen uit de zestiende eeuw / door W. L. Braekman. - In: Volkskunde ; jg. 88(1987), p. 120-130; P. 103-122: Johannes Conincks Cirurgia of Hantgewerck int lichame der menschen / ed. Willy L. Braekman . - (Scripta 14).</subfield>
    </datafield>
    <datafield tag="524" ind1=" " ind2=" ">
      <subfield code="a">Te citeren als: Universiteitsbibliotheek Utrecht Hs. Hattem C 3.</subfield>
    </datafield>
    <datafield tag="510" ind1="0" ind2=" ">
      <subfield code="a">Jansen-Sieben H200</subfield>
    </datafield>
    <datafield tag="563" ind1=" " ind2=" ">
      <subfield code="a">Perkamenten band.</subfield>
    </datafield>
    <datafield tag="581" ind1=" " ind2=" ">
      <subfield code="a">J. Coninck, 'Cirurgia of Hantgewerck int lichame der menschen'. Ed. Willy L. Braekman. Brussel 1985 (= Scripta 14), p 12 e.v. (tekstuitgave).</subfield>
    </datafield>
    <datafield tag="581" ind1=" " ind2=" ">
      <subfield code="a">W.L. Braekman, 'Johannes Conincks instructies voor vroedvrouwen uit de zestiende eeuw', in: Volkskunde 88 (1987), p. 120-130.</subfield>
    </datafield>
    <datafield tag="581" ind1=" " ind2=" ">
      <subfield code="a">Chr. Boot, 'Gattungsgeschichtliche Anmerkungen zu Johannes Conincks "Cirurgia"" of ""Hantgewerckt int lichame der menschen", in: Miscellanea Neerlandica. Opstellen voor Dr. Jan Deschamps ter gelegenheid van zijn zeventigste verjaardaf, II.. Onder red. van E. Cockx-Indestege &amp; F. Hendrickx. Leuven 1987, p. 339-344.</subfield>
    </datafield>
    <datafield tag="581" ind1=" " ind2=" ">
      <subfield code="a">R. Jansen-Sieben, Repertorium van de middelnederlandse artes-literatuur. Utrecht 1989. p. 346-347.</subfield>
    </datafield>
    <datafield tag="541" ind1=" " ind2=" ">
      <subfield code="d">20121129.</subfield>
      <subfield code="5">NL-UtRU</subfield>
    </datafield>
    <datafield tag="655" ind1=" " ind2="7">
      <subfield code="a">Handschriften (vorm)</subfield>
      <subfield code="0">(NL-LeOCL)088143309.</subfield>
      <subfield code="2">gtt</subfield>
    </datafield>
    <datafield tag="700" ind1="1" ind2=" ">
      <subfield code="a">Malle, Andries van,</subfield>
      <subfield code="e">former owner.</subfield>
      <subfield code="4">fmo</subfield>
      <subfield code="5">NL-UtRU</subfield>
    </datafield>
    <datafield tag="710" ind1="2" ind2=" ">
      <subfield code="a">Voerman Museum (Hattem)</subfield>
      <subfield code="e">former owner.</subfield>
      <subfield code="4">fmo</subfield>
      <subfield code="5">NL-UtRU</subfield>
    </datafield>
    <datafield tag="758" ind1=" " ind2=" ">
      <subfield code="a">UBU Hs. Hattem C 3 Recepten (Text)</subfield>
      <subfield code="1">https://id.oclc.org/worldcat/entity/E39PCYRtRdcM9GCrdWBcwJ48qP</subfield>
      <subfield code="4">https://id.oclc.org/worldcat/ontology/hasWork</subfield>
    </datafield>
    <datafield tag="856" ind1="4" ind2="1">
      <subfield code="u">http://objects.library.uu.nl/reader/resolver.php?obj=002458983&amp;type=2</subfield>
      <subfield code="x">Online</subfield>
      <subfield code="z">Full text</subfield>
    </datafield>
    <datafield tag="856" ind1="4" ind2="2">
      <subfield code="u">http://www.dbnl.org/tekst/coni004ciru01_01/coni004ciru01_01.pdf</subfield>
      <subfield code="z">Reference: Johannes Conincks Cirurgia of Hantgewerck int lichame der menschen / ed. Willy L. Braekman . - (Scripta 14)</subfield>
    </datafield>
  </record>